002990000a220007300045001000017000002450116000173000046001337730046001791 aMcPake, John10aJohn McConnachie as the original advocate of the theology of Karl Barth in Scotland : The primacy of revelation aVol. 14, Num. 2 (1997), Páginas 101-1140 tScottish Bulletin of Evangelical Theology